Desempolvando / (Record no. 180751)

MARC details
000 -LEADER
campo de control de longitud fija 00802nam a2200241 i 4500
001 - NÚMERO DE CONTROL
campo de control 180751
003 - IDENTIFICADOR DE NÚMERO DE CONTROL
campo de control ES-MaACL
005 - FECHA Y HORA DE LA ÚLTIMA TRANSACCIÓN
campo de control 20230930162524.0
008 - DATOS DE LONGITUD FIJA--INFORMACIÓN GENERAL
campo de control de longitud fija 120709s2009 sp aco |||| | spa d
020 ## - NÚMERO INTERNACIONAL ESTÁNDAR DEL LIBRO
Número Internacional Estándar del Libro 978-84-92711-28-4
080 ## - NÚMERO DE LA CLASIFICACIÓN DECIMAL UNIVERSAL
Número de la Clasificación Decimal Universal 94(460.283 C.)
100 1# - ENTRADA PRINCIPAL--NOMBRE DE PERSONA
Nombre de persona Saugar, Pedro.
9 (RLIN) 150912
245 10 - MENCIÓN DEL TÍTULO
Título Desempolvando /
Mención de responsabilidad, etc. Pedro Saugar Muñoz.
260 ## - PUBLICACIÓN, DISTRIBUCIÓN, ETC.
Lugar de publicación, distribución, etc. Cuenca :
Nombre del editor, distribuidor, etc. Diputación Provincial de Cuenca,
Fecha de publicación, distribución, etc. [2009]
300 ## - DESCRIPCIÓN FÍSICA
Extensión 468 p. :
Otras características físicas il., fot. ;
Dimensiones 21 x 21 cm.
490 1# - MENCIÓN DE SERIE
Mención de serie Creación literaria ;
Designación de volumen o secuencia 25
651 #7 - PUNTO DE ACCESO ADICIONAL DE MATERIA--NOMBRE GEOGRÁFICO
Nombre geográfico Cuenca-
Subdivisión general Historia.
9 (RLIN) 137112
710 1# - ENTRADA AGREGADA--NOMBRE DE ENTIDAD CORPORATIVA
Nombre de entidad corporativa o nombre de jurisdicción como elemento de entrada Cuenca (Provincia).
Unidad subordinada Diputación Provincial.
9 (RLIN) 3346
830 0# - PUNTO DE ACCESO ADICIONAL DE SERIE-TÍTULO UNIFORME
Título uniforme Creación literaria ;
Designación de volumen o secuencia 25
9 (RLIN) 178462
852 ## - LOCALIZACIÓN
Ubicación ES-MaACL
Número de control de estantería A-12124
itemnumber 187668
Sublocalización o colección R.146856
Ubicación en estantería Depósito 1
Signatura antigua Olim: N-5129
942 ## - ELEMENTOS DE ENTRADA SECUNDARIOS (KOHA)
Fuente del sistema de clasificación o colocación Clasificación decimal universal
Tipo de ítem Koha Libro impreso
Holdings
Estatus retirado Estado de pérdida Fuente del sistema de clasificación o colocación Estado de daño No para préstamo Biblioteca de origen Biblioteca actual Ubicación en estantería Fecha de adquisición Fuente de adquisición Total de préstamos Signatura topográfica completa Código de barras Visto por última vez Precio de reemplazo Tipo de ítem Koha
    Clasificación decimal universal     Biblioteca del Ateneo de Madrid Biblioteca del Ateneo de Madrid Depósito 1 09/07/2012 Donación   A-12124 1189940 23/02/2023 23/02/2023 Libro impreso